000
00215 a2200097 4500
001
49492
100
_a
Austen
245
_a
Northanger abbey
260
_a
London
_b
Collins clear type press
_c
090
_c
32023
_d
32023
942
_a
NUST-CAE
_c
M
_c
24474
999
_c
284565
_d
284565